书目信息 |
| 题名: |
叶子的奥秘
|
|
| 作者: | 王冰欣 译 | |
| 分册: | ||
| 出版信息: | 北京 外语教学与研究出版社 2000.01 |
|
| 页数: | 32页 | |
| 开本: | 16开 | |
| 丛书名: | ||
| 单 册: | ||
| 中图分类: | Q944.56-49 | |
| 科图分类: | ||
| 主题词: | 植物学:形态学 | |
| 电子资源: | ||
| ISBN: | 7-5600-1746-0 | |
| 000 | 00544nam0 2200193 45 | |
| 001 | 0009090826 | |
| 005 | 20000909081137.0 | |
| 010 | @a7-5600-1746-0@d12.90元 | |
| 100 | @a20000909d2000 km y0chiy0120 ea | |
| 101 | 0 | @achi |
| 105 | @a z 000yy | |
| 200 | 1 | @a叶子的奥秘@AYe Zi De Ao Mi@f王冰欣译@FWang Bing Xin Yi |
| 210 | @a北京@c外语教学与研究出版社@d2000.01 | |
| 215 | @a32页@d16开 | |
| 606 | 0 | @a植物学:形态学 |
| 690 | @aQ944.56-49@v3 | |
| 701 | 0 | @a王冰欣@4译 |
| 801 | @aCN@bPftUser@c20000909 | |
| 905 | @b130109-113@dQ944.56-49@eW881@f5 | |
| 叶子的奥秘/王冰欣译.-北京:外语教学与研究出版社,2000.01 |
| 32页;16开 |
| ISBN 7-5600-1746-0:12.90元 |
| ● |
| 相关链接 |
|
|
|
正题名:叶子的奥秘
索取号:Q944.56-49/W881
 
预约/预借
| 序号 | 登录号 | 条形码 | 馆藏地/架位号 | 状态 | 备注 |
| 1 | 130109 | 201301091 | 自科库401/ [索取号:Q944.56-49/W881] | 在馆 | |
| 2 | 130110 | 201301108 | 自科库401/ [索取号:Q944.56-49/W881] | 在馆 | |
| 3 | 130111 | 201301117 | 生命科学与工程学院资料室/ [索取号:Q944.56-49/W881] | 在馆 | |
| 4 | 130112 | 201301126 | 自科库401/401自科库 34排4列4层/ [索取号:Q944.56-49/W881] | 在馆 | |
| 5 | 130113 | 201301135 | 生命科学与工程学院资料室/ [索取号:Q944.56-49/W881] | 在馆 |